[Event "GER-ch Net blitz qual2"]
[Site "Playchess.com INT"]
[Date "2021.05.04"]
[Round "3"]
[White "Kirchner, Konrad"]
[Black "Fenske, Klaus Dieter"]
[Result "1-0"]
[WhiteElo "2126"]
[BlackElo "1771"]
[PlyCount "103"]
[EventDate "2021.05.04"]
[EventType "swiss (blitz)"]
[EventRounds "11"]
[EventCountry "GER"]
[SourceTitle "CBM 202 Extra"]
[Source "ChessBase"]
[SourceDate "2021.07.31"]
[SourceVersion "1"]
[SourceVersionDate "2021.07.31"]
[SourceQuality "1"]

1. e4 c5 2. c3 d6 3. d4 cxd4 4. cxd4 Nc6 5. Nc3 g6 6. Be3 Bg7 7. d5 Ne5 8. Be2 Nf6 9. f4 Ned7 10. Nf3 0-0 11. 0-0 b6 12. e5 dxe5 13. fxe5 Nh5 14. e6 fxe6 15. dxe6 Ne5 16. Nxe5 Bxe5 17. Rxf8+ Qxf8 18. Qd5 Bxc3 19. Qxa8 Bxb2 20. Rf1 Qd8 21. Ba6 Bd4 22. Bxd4 Qxd4+ 23. Kh1 Kg7 24. Qxc8 Nf6 25. Qc4 Qd6 26. h3 Qa3 27. Rxf6 exf6 28. Qc7+ Kh6 29. e7 Qxa6 30. e8Q Qf1+ 31. Kh2 Qf5 32. Qe3+ g5 33. Qee7 Qg6 34. Qf8+ Kh5 35. Qfg7 g4 36. Qxg6+ hxg6 37. Qh7+ Kg5 38. h4+ Kf4 39. Qxa7 g5 40. hxg5 fxg5 41. Qxb6 g3+ 42. Kg1 g4 43. Qf6+ Ke3 44. Qg5+ Kd3 45. Qxg4 Kc3 46. Qxg3+ Kb2 47. Qf3 Kxa2 48. Qc3 Kb1 49. Kf2 Ka2 50. Ke3 Kb1 51. Qd2 Ka1 52. Kd3 1-0

[Event "Hessen-chB"]
[Site "Frankfurt"]
[Date "2018.05.11"]
[Round "4"]
[White "Ross, Norbert"]
[Black "Kirchner, Konrad"]
[Result "0-1"]
[WhiteElo "1804"]
[BlackElo "1698"]
[PlyCount "68"]
[EventDate "2018.05.10"]
[EventType "swiss"]
[EventRounds "7"]
[EventCountry "GER"]
[SourceTitle "EXT 2019"]
[Source "ChessBase"]
[SourceDate "2018.10.10"]
[SourceVersion "1"]
[SourceVersionDate "2018.10.10"]
[SourceQuality "1"]

1. d4 d5 2. c4 c6 3. Nf3 Nf6 4. Nc3 dxc4 5. a4 Nd5 6. e4 Nxc3 7. bxc3 b5 8. axb5 cxb5 9. Ne5 Nd7 10. Nf3 e6 11. Be2 a6 12. 0-0 Bb7 13. Qc2 Nf6 14. e5 Be4 15. Qd2 Nd5 16. Ng5 Bg6 17. Bf3 Be7 18. Ne4 0-0 19. Ba3 a5 20. Bxe7 Qxe7 21. Nd6 Rfb8 22. Ra2 b4 23. cxb4 c3 24. Qc1 axb4 25. Bxd5 exd5 26. Qa1 Rxa2 27. Qxa2 b3 28. Qa5 b2 29. Qxc3 b1Q 30. Nc8 Qeb7 31. Ne7+ Qxe7 32. h3 Qbb4 33. Qa1 h6 34. Rc1 Qb1 0-1

[Event "Hessen-chB"]
[Site "Frankfurt"]
[Date "2018.05.10"]
[Round "2"]
[White "Kirchner, Konrad"]
[Black "Ahrends, Norbert"]
[Result "0-1"]
[WhiteElo "1698"]
[BlackElo "1999"]
[PlyCount "118"]
[EventDate "2018.05.10"]
[EventType "swiss"]
[EventRounds "7"]
[EventCountry "GER"]
[SourceTitle "EXT 2019"]
[Source "ChessBase"]
[SourceDate "2018.10.10"]
[SourceVersion "1"]
[SourceVersionDate "2018.10.10"]
[SourceQuality "1"]

1. e4 c5 2. Nf3 d6 3. d4 cxd4 4. Nxd4 Nf6 5. Nc3 a6 6. Be2 e6 7. 0-0 Be7 8. Be3 0-0 9. a4 b6 10. Bf3 Nfd7 11. g3 Bb7 12. Bg2 Nc6 13. Nce2 Qc7 14. Nxc6 Bxc6 15. Nd4 Bb7 16. c3 Rad8 17. Qc2 Ne5 18. f4 Nc4 19. Bf2 d5 20. e5 Bc5 21. Rae1 Na5 22. Qd3 Nc6 23. Nxc6 Qxc6 24. Ra1 a5 25. Bd4 Ra8 26. Rfd1 Ba6 27. Qc2 Rfc8 28. Bf1 g6 29. Bxa6 Rxa6 30. Qd3 Ra7 31. Kg2 Rac7 32. Rdc1 Qb7 33. Rd1 Bxd4 34. Qxd4 Rc4 35. Qf2 Qc6 36. Rd4 b5 37. axb5 Qxb5 38. Rxc4 Rxc4 39. Rd1 a4 40. Qc2 Qc5 41. Rd3 d4 42. Qd2 a3 43. Rxd4 Rxd4 44. cxd4 Qd5+ 45. Kh3 a2 46. Qe1 Kg7 47. Qa1 Qb3 48. Kg4 h5+ 49. Kh3 Kh6 50. Qc1 Qd3 51. f5+ g5 52. Qc8 Qxf5+ 53. Kg2 Kg7 54. Qc1 g4 55. b4 Qe4+ 56. Kf2 Qxd4+ 57. Kg2 a1Q 58. Qg5+ Kf8 59. Qh6+ Ke8 0-1

[Event "Hessen-ch U16"]
[Site "Bad Homburg"]
[Date "2012.??.??"]
[Round "3"]
[White "Dittmar, Lars"]
[Black "Kirchner, Konrad"]
[Result "1-0"]
[WhiteElo "1764"]
[BlackElo "1183"]
[PlyCount "118"]
[EventDate "2012.04.??"]
[EventType "swiss"]
[EventRounds "9"]
[EventCountry "GER"]
[SourceTitle "EXT 2015"]
[Source "ChessBase"]
[SourceDate "2014.11.20"]
[SourceVersion "1"]
[SourceVersionDate "2014.11.20"]
[SourceQuality "1"]

1. e4 c5 2. Nf3 Nc6 3. d4 cxd4 4. Nxd4 Nf6 5. Nc3 e5 6. Nf3 a6 7. Bd3 Be7 8. 0-0 0-0 9. b3 Qa5 10. Nd5 Qd8 11. Bb2 d6 12. c4 Bg4 13. Bc2 Rc8 14. a3 Nb8 15. Qd3 Nbd7 16. Nxe7+ Qxe7 17. Nd2 Nh5 18. f3 Nf4 19. Qe3 Be6 20. Rf2 Qg5 21. Kh1 h6 22. Nf1 Rfd8 23. Qd2 Nf8 24. Ne3 N8g6 25. Nd5 Bxd5 26. exd5 f5 27. Re1 Re8 28. Bc1 Rc5 29. Qb4 Qe7 30. Bxf5 Rf8 31. Bxg6 Nxg6 32. Rfe2 Nf4 33. Bxf4 Rxf4 34. Re4 Rxe4 35. Rxe4 b5 36. h3 Qc7 37. cxb5 Rxb5 38. Qa4 Rxd5 39. Rc4 Qb7 40. Rc6 a5 41. Qc4 Qf7 42. Rc8+ Kh7 43. Qe4+ g6 44. Qc2 Rc5 45. Rxc5 dxc5 46. Qxc5 Qxb3 47. Qxa5 Qd1+ 48. Kh2 Qd6 49. g3 h5 50. Qc3 Qe6 51. Qc2 Kg7 52. a4 Kf6 53. a5 Qa6 54. Qd2 Ke6 55. h4 Kf6 56. Qg5+ Kf7 57. Qxe5 Qf1 58. Qd5+ Kf6 59. Qd2 Qxf3 1-0

[Event "Hessen-ch U16"]
[Site "Bad Homburg"]
[Date "2012.??.??"]
[Round "4"]
[White "Kirchner, Konrad"]
[Black "Kempfer, Justus"]
[Result "0-1"]
[WhiteElo "1183"]
[BlackElo "1717"]
[PlyCount "24"]
[EventDate "2012.04.??"]
[EventType "swiss"]
[EventRounds "9"]
[EventCountry "GER"]
[SourceTitle "EXT 2015"]
[Source "ChessBase"]
[SourceDate "2014.11.20"]
[SourceVersion "1"]
[SourceVersionDate "2014.11.20"]
[SourceQuality "1"]

1. e4 e5 2. Bc4 Bc5 3. Nf3 Nc6 4. c3 Nf6 5. d4 exd4 6. e5 d5 7. exf6 dxc4 8. fxg7 Rg8 9. 0-0 Rxg7 10. Re1+ Be6 11. Qa4 Qd5 12. Nbd2 0-0-0 0-1

[Event "Hessen-ch U16"]
[Site "Bad Homburg"]
[Date "2012.??.??"]
[Round "5"]
[White "Thomas, Tobias"]
[Black "Kirchner, Konrad"]
[Result "0-1"]
[WhiteElo "1364"]
[BlackElo "1183"]
[PlyCount "84"]
[EventDate "2012.04.??"]
[EventType "swiss"]
[EventRounds "9"]
[EventCountry "GER"]
[SourceTitle "EXT 2015"]
[Source "ChessBase"]
[SourceDate "2014.11.20"]
[SourceVersion "1"]
[SourceVersionDate "2014.11.20"]
[SourceQuality "1"]

1. e4 c5 2. b4 cxb4 3. a3 b6 4. d4 Bb7 5. Nd2 e6 6. Ngf3 Nf6 7. Bd3 Nc6 8. 0-0 h6 9. Nc4 d5 10. exd5 Nxd5 11. axb4 Bxb4 12. Bb2 0-0 13. Nce5 Nxe5 14. Nxe5 Nf4 15. f3 Qg5 16. g3 Nd5 17. Bc1 Qe7 18. Qe2 Rfc8 19. Qg2 a6 20. Qh3 f5 21. g4 Bc3 22. Ng6 Qf6 23. Rb1 Bxd4+ 24. Kh1 Qxg6 25. gxf5 exf5 26. Bxf5 Qf6 27. Bxc8 Rxc8 28. Qg2 Ne3 29. Bxe3 Bxe3 30. Qe2 Bd4 31. Rbd1 a5 32. Qd3 Bc5 33. Kg2 Qg5+ 34. Kh1 Qf6 35. Qb3+ Kh8 36. c4 Rf8 37. Rd3 Be4 38. Rc3 Bd4 39. Rcc1 Bxf3+ 40. Rxf3 Qxf3+ 41. Qxf3 Rxf3 42. Kg2 Rc3 0-1